000 00548nam a2200181Ia 4500
008 090124s9999 xx 000 0 und d
082 _b14869
_a5785
100 _aआपटे हरी नारायण
245 _a मायेचा बाजार
250 _a4
260 _c1965
300 _a416
600 _aआपटे हरी नारायण
630 _a मायेचा बाजार
700 _aआपटे हरी नारायण
730 _a मायेचा बाजार
942 _cBOOK
999 _c128809
_d128809